00409nam a2200157Ia 450000500170000000800410001702000150005805000240007310000200009724500360011726000350015330000420018844000060023052100070023652600080024320140314153237.0140130s9999 xx 000 0 und d a0439704642 aPZ 7b.Au898Po 2004 aAuch, Mary Jane cAuch, Mary JaneaPoultrygeist / bScholastic,c2004.aNew York : a1 v. (unpaged) :bcol. ill. ;c29 cm. v1 aG2 c410